000 01451cad a22002895a 4500
001 L158513
008 110329s2015 xxk f 000 0 eng d
020 _a9781783210985
035 _a(Sirsi) u158513
041 0 _aeng
050 0 4 _a346.4104342 $2 18
110 2 _aRoyal Institution of Chartered Surveyors
_94900
245 0 0 _aCommercial property service charge handover procedures
_h[electronic resource]
260 _aLondon
_bRICS
_c2015
300 _a11p.
490 0 _aRICS Guidance Note
520 _aCovers commercial multi-let property where there is a service charge. It deals with the handover of financial and supplier information between owners and/ or managers. This guidance note is aimed at property owners and managers and their legal advisers. Its intention is to set out a series of procedures which will apply during any handover period in order to improve the quality of service to the industry?s customers. Supersedes the previous information paper of the same name (published in 2011).
521 _aAdvanced
590 _aKA
650 2 4 _aSERVICE CHARGE
651 4 _aUnited Kingdom
690 _aLandlord and tenant
_96252
690 _aCommercial property
_96227
700 1 _aForrester, Peter
856 4 0 _uhttps://www.isurv.com/downloads/file/6451/commercial_property_service_charge_handover_procedures_1st_edition_guidance_note_march_2015
_zAvailable on isurv (subscription required)
942 _n0
_2ddc
999 _c115354
_d115354